De la ONU al ALBA: prevención de conflictos y espacios de participación ciudadana /
Los capítulos que componen este libro, apuntan a orientar tanto al activista como al investigador, en la configuración institucional de las diversas organizaciones inter-gubernamentales que actúan en América Latina y el Caribe, desde la ONU a UNASUR y al ALBA; en sus modalidades específicas en abord...
Na minha lista:
| Autor principal: | |
|---|---|
| Formato: | Desconhecido |
| Idioma: | Spanish |
| Publicado em: |
Argentina :
Icaria Editorial; Ediciones CRIES
2011
|
| coleção: | Colección Pensamiento Propio
|
| Assuntos: | |
| Tags: |
Adicionar Tag
Sem tags, seja o primeiro a adicionar uma tag!
|
MARC
| LEADER | 00000 a2200000 04500 | ||
|---|---|---|---|
| 001 | 46047 | ||
| 003 | cru CIDCACS/IIS | ||
| 005 | 20230705112346.0 | ||
| 008 | 050703s2011 ag spa d | ||
| 020 | |a 978-84-9888-333-6 | ||
| 022 | |a 978-84-9888-333-6 | ||
| 040 | |c CRAI IIS | ||
| 090 | |a 01.02.01 S481d | ||
| 100 | |a Serbin, Andrés, |e coordinador | ||
| 245 | |a De la ONU al ALBA: |b prevención de conflictos y espacios de participación ciudadana / |c Andrés Serbin, coordinador | ||
| 260 | |a Argentina : |b Icaria Editorial; Ediciones CRIES |c 2011 | ||
| 300 | |a 292 páginas | ||
| 440 | |a Colección Pensamiento Propio | ||
| 520 | |a Los capítulos que componen este libro, apuntan a orientar tanto al activista como al investigador, en la configuración institucional de las diversas organizaciones inter-gubernamentales que actúan en América Latina y el Caribe, desde la ONU a UNASUR y al ALBA; en sus modalidades específicas en abordar los temas de seguridad, de prevención de conflictos y de construcción de la paz, y en los mecanismos existentes o potencialmente desarrollables para impulsar una efectiva participación de las redes y organizaciones de la sociedad civil a nivel regional. | ||
| 590 | |a MBA05112014 | ||
| 650 | |a CONFLICTOS | ||
| 650 | |a SOLUCION DE CONFLICTOS | ||
| 650 | |a PARTICIPACION SOCIAL | ||
| 650 | |a SOCIEDAD CIVIL | ||
| 650 | |a PAZ | ||
| 650 | |a SEGURIDAD | ||
| 650 | |a DEMOCRACIA | ||
| 650 | |a VIOLENCIA | ||
| 650 | |a PROBLEMAS SOCIALES | ||
| 650 | |a 1 OEA | ||
| 650 | |a 1ONU | ||
| 650 | |a 1AMERICA LATINA | ||
| 942 | |2 ddc |c LI | ||
| 999 | |c 1661 |d 1661 | ||



